=LDR 00000nam 2200000 4500 =001 INLIS000000000023942 =005 20200811090121 =035 ##$$a 0010-061300000023942 =008 200811################g##########0#ind## =041 ##$$a Ind =082 ##$$a 2X9.12 =090 ##$$a 2X9.12, Gha m =100 ##$$a Ghadhban, Syaikh Munir Muhammad =245 1#$$a Manhaj Haraki : $b Dalam sirah nabawi Juz satu /$c Syaikh Munir Muhammad Ghadhban; penerjemah, Abdulkadir Mahdamy =260 ##$$a Solo :$b Pustaka Mantiq,$c 1994 =300 ##$$a 169 hlm. ; $c 22 x 14 cm. =650 #4$$a Nabi Muhammad SAW - Riwayat Hidup =850 ##$$a NBPNMAT =084 ##$$a 2X9.12 GHA m =700 #$$a Mahdamy, Abdulkadir =990 ##$$a 71.514/Pb-94 =990 ##$$a 71.513/Pb-94